| 000 | 01279aab a2200253 i 4500 | ||
|---|---|---|---|
| 001 | 768714001 | ||
| 003 | CO-MdFUSB | ||
| 005 | 20260309150130.0 | ||
| 008 | 240711t2006 sz ||||| |||| 00| 0 eng d | ||
| 040 |
_bspa _cCO-MdFUSB |
||
| 041 | _aeng | ||
| 100 | 1 |
_aCannon, Katie Geneva _eautor |
|
| 245 | 1 | 0 |
_aCovenanting : _ba Bible study on Micah 6.1-8 _c/ Katie Geneva Cannon |
| 520 | _aMediante la liberación de la esclavitud, Yahvé eligió un pueblo particular. El acontecimiento del Monte Sinaí reveló a Yahvé como el dador del pacto. Pero Miqueas vivió en una época en la que los ricos pisoteaban a los pobres, cuando los sacerdotes ponían un énfasis indebido en los holocaustos y sacrificios con sólo una ligera atención a la conducta". Miqueas condenó "la tonta duplicidad política" y enfatizó la exigencia de "una humilde lealtad hacia Dios". | ||
| 546 | _aTexto en inglés. | ||
| 630 | 0 | 7 |
_aBiblia. _pMiqueas _xCrítica, interpretación, etc. |
| 650 | 7 |
_aHermenéutica _9418 |
|
| 650 | 7 |
_aDerechos humanos _9296 |
|
| 650 | 7 |
_aViolencia _92121 |
|
| 650 | 7 |
_aJusticia _92116 |
|
| 773 | 0 |
_tReformed World _049396 _959503 _gVolumen 56, (número 1, 2006) páginas: 116 - 121 _qpágina: 116 |
|
| 942 | _cANA | ||
| 945 | _aCatherine Arias Álvarez - Practicante SENA | ||
| 999 |
_c61511 _d61511 |
||